[Event "JUG-chT"]
[Site "Zlatibor"]
[Date "1989.??.??"]
[Round "?"]
[White "Zelic, Zdravko"]
[Black "Strikovic, Aleksa"]
[Result "0-1"]
[WhiteElo "2395"]
[BlackElo "2470"]

1.e4 c5 2.Nf3 e6 3.d4 cxd4 4.Nxd4 a6 5.Bd3 Qc7 6.O-O Nf6 7.Qe2 d6 8.c4 g6
9.Nc3 Bg7 10.Rd1 O-O 11.Nf3 Nbd7 12.Bf4 Ng4 13.Rac1 b6 14.Bb1 Nde5 15.b3 Re8
16.Ne1 Bb7 17.h3 Nf6 18.Be3 Rac8 19.Qd2 Bf8 20.Bg5 Ned7 21.Nf3 Qb8 22.Bf4 Ne5
23.Bxe5 dxe5 24.Qg5 Bg7 25.Qxe5 Qxe5 26.Nxe5 Bh6 27.Rc2 Nxe4 28.Nxe4 Bxe4
29.Rb2 Ba8 30.Ng4 Bg7 31.Rbd2 h5 32.Ne3 Bc6 33.Bd3 Bc3 34.Rc2 Bb4 35.Be2 Red8
36.Rcc1 Kf8 37.Rxd8+ Rxd8 38.Rd1 Rxd1+ 39.Bxd1 Ke7 40.Bc2 h4 41.Bd3 f5 42.Kf1 Kf6
43.Nc2 Bc3 44.Ne3 Ke5 45.Ke2 g5 46.Kf1 Kd4 47.Ke2 Bb4 48.f3 Bd6 49.c5 Bxc5
50.Bxa6 Ke5 51.Bc8 Kf4 52.Nf1 Bb5+ 53.Ke1 e5 54.Be6 Bc6 55.Ke2 e4  0-1

[Event "Zug"]
[Site "Zug"]
[Date "1989.??.??"]
[Round "?"]
[White "McDonald, Neil R"]
[Black "Thesing, Matthias"]
[Result "1/2-1/2"]
[WhiteElo "2360"]
[BlackElo "2370"]

1.e4 c5 2.Nf3 e6 3.d4 cxd4 4.Nxd4 a6 5.Bd3 Nf6 6.O-O d6 7.c4 Bd7 8.Nc3 Nc6
9.Be3 Be7 10.f4 O-O 11.Qe2 Nxd4 12.Bxd4 Bc6 13.Rad1 Nd7 14.e5 dxe5 15.fxe5 g6
16.Be4 Qc7 17.Bxc6 Qxc6 18.Ne4 Qc7 19.Qe3 Nxe5 20.Bxe5 Qxe5 21.Rd7 Bc5 22.Qxc5 Qxe4
23.Qe7 Qxc4 24.Rxf7 Qc1+ 25.Kf2 Qxb2+ 26.Kg3 Qe5+ 27.Kh3 Qh5+  1/2-1/2

[Event "Aarhus (Women)"]
[Site "Aarhus"]
[Date "1990.??.??"]
[Round "4"]
[White "Zimmersmann, Rita"]
[Black "Aladjova, Katrin"]
[Result "0-1"]
[WhiteElo "2165"]
[BlackElo "2110"]

1.e4 c5 2.Nf3 e6 3.d4 cxd4 4.Nxd4 a6 5.Bd3 Qc7 6.Qe2 d6 7.Be3 Nf6 8.c4 g6
9.Nc3 Bg7 10.Rd1 O-O 11.O-O Nc6 12.Nxc6 bxc6 13.f4 c5 14.f5 Bb7 15.Bg5 Rae8
16.fxg6 fxg6 17.Bc2 Nh5 18.Qg4 Bd4+ 19.Kh1 Ng7 20.Bf4 Re7 21.Rf3 Ref7 22.Bh6 e5
23.Nd5 Bxd5 24.exd5 Rxf3 25.gxf3 Qf7 26.Be4 Rb8 27.Bxg7 Kxg7 28.b3 a5 29.Bc2 Rf8
30.Rf1 Be3 31.Be4 Rd8 32.Re1 Bf4 33.h4 Qd7 34.Qg2 Kh8 35.Kg1 Rg8 36.Kf2 a4
37.Rb1 axb3 38.axb3 g5 39.Rg1 Ra8 40.Bb1 gxh4 41.Kf1 h3 42.Qc2 h2 43.Rh1 Qh3+
44.Qg2 Qxg2+ 45.Kxg2 Ra3 46.Be4 Rxb3 47.Rb1 Rxb1 48.Bxb1 h6 49.Bf5 Kg7 50.Bd3 Kf8
51.Be4 Ke7 52.Bd3 Kd8 53.Be4 Kc7 54.Bg6 Kb6 55.Bf5 Ka5 56.Bd3 Kb4 57.Bf1 Kc3
58.Kh1 Kd2 59.Bh3 Ke3 60.Bg2 h5 61.Bh3 Kxf3 62.Bg2+ Ke3 63.Bf3 h4 64.Bg2 e4
65.Bf3 Kd3 66.Bg2 Kxc4 67.Bxe4 Kd4 68.Bf3  0-1

[Event "FRA-ch"]
[Site "Angers"]
[Date "1990.??.??"]
[Round "1"]
[White "Koch, Jean Rene"]
[Black "Guyot, Philippe"]
[Result "1-0"]
[WhiteElo "2415"]
[BlackElo "2340"]

1.e4 c5 2.Nf3 e6 3.d4 cxd4 4.Nxd4 a6 5.Bd3 Nf6 6.O-O d6 7.c4 g6 8.Nc3 Bg7
9.Nf3 b6 10.Qa4+ Nfd7 11.Bf4 e5 12.Bg5 f6 13.Be3 O-O 14.Rfd1 Nc5 15.Qa3 Bg4
16.b4 Bxf3 17.gxf3 Nxd3 18.Rxd3 Nc6 19.Ne2 f5 20.Qb3 Qh4 21.c5+ Kh8 22.cxb6 fxe4
23.fxe4 Qxe4 24.Ng3 Qxb4 25.Qxb4 Nxb4 26.Rxd6 Nc2 27.Rb1 Nxe3 28.fxe3 Bh6
29.Rb3 Rab8 30.Kg2 Rb7 31.Ne4 Rfb8 32.a4 Bf8 33.Re6 a5 34.Rb5 Kg7 35.Rc6 Bb4
36.Kf3 Kf8 37.Ke2 Kg7 38.Kd3 Kg8  1-0

[Event "FRA-ch"]
[Site "Angers"]
[Date "1990.??.??"]
[Round "1"]
[White "Bernard, Christophe"]
[Black "Vaisman, Volodia"]
[Result "1-0"]
[WhiteElo "2335"]
[BlackElo "2380"]

1.e4 c5 2.Nf3 e6 3.d4 cxd4 4.Nxd4 a6 5.Bd3 Nf6 6.O-O Qc7 7.Qe2 d6 8.c4 Nbd7
9.b3 g6 10.Bb2 Bg7 11.Nc3 O-O 12.Rad1 Re8 13.Rfe1 b6 14.Bb1 Bb7 15.Ndb5 axb5
16.Nxb5 Qb8 17.Nxd6 e5 18.Nxe8 Qxe8 19.b4 Qe6 20.a3 Rc8 21.Bd3 Nh5 22.g3 Nb8
23.c5 bxc5 24.Bc4 Qe7 25.b5 Nd7 26.a4 Nhf6 27.f3 Ra8 28.Ra1 Nb6 29.a5 Nxc4
30.Qxc4 Bc8 31.Red1 Be6 32.Qc3 Nd7 33.Qd2 Qd8 34.b6 Qc8 35.Qe3 Bf8 36.Kg2 c4
37.Bc3 Bc5 38.Qe2 f6 39.Qb2 Qa6 40.Rab1 Kf7 41.b7 Rb8 42.Qb5 Qxb5 43.Rxb5 Ba7
44.Be1 Re8 45.Bf2 Bxf2 46.Kxf2 Nb8 47.Rb6 Re7 48.Rd8 Na6 49.Rxa6 Rxb7 50.Rb6 Rc7
51.Rdd6 Bd7 52.a6 Ke7 53.Rd1 Bc6 54.Rc1 Ba8 55.Ke3 f5 56.Ra1 fxe4 57.fxe4 c3
58.Rb8 Ra7 59.Rc8 Kf6 60.Rxc3 Kg5 61.Rc8 Kg4 62.Ra2 Kh3 63.Re8 Bc6 64.Rxe5  1-0

[Event "FRA-ch"]
[Site "Angers"]
[Date "1990.??.??"]
[Round "3"]
[White "Apicella, Manuel"]
[Black "Guyot, Philippe"]
[Result "0-1"]
[WhiteElo "2410"]
[BlackElo "2340"]

1.e4 c5 2.Nf3 e6 3.d4 cxd4 4.Nxd4 a6 5.Bd3 Nf6 6.O-O d6 7.c4 g6 8.Nc3 Bg7
9.Be3 O-O 10.f4 Nbd7 11.Qe2 e5 12.Nb3 exf4 13.Bxf4 Ne5 14.h3 Nh5 15.Nd5 Nxd3
16.Qxd3 Nxf4 17.Rxf4 Bxb2 18.Raf1 Be6 19.R1f2 Be5 20.Nf6+ Kg7 21.g4 Rc8 22.Nd2 Qb6
23.Rf3 Qd4 24.Qb1 Qa1 25.Qxa1 Bxa1 26.Kg2 Bd4 27.Rf1 b5 28.g5 bxc4 29.Rf4 Be3
30.Rh4 Rh8  0-1

[Event "FRA-ch"]
[Site "Angers"]
[Date "1990.??.??"]
[Round "7"]
[White "Santo Roman, Marc"]
[Black "Guyot, Philippe"]
[Result "1-0"]
[WhiteElo "2435"]
[BlackElo "2340"]

1.e4 c5 2.Nf3 e6 3.d4 cxd4 4.Nxd4 a6 5.Bd3 Nf6 6.O-O d6 7.f4 g6 8.Kh1 Bg7
9.Nc3 O-O 10.f5 Nc6 11.Nxc6 bxc6 12.Bg5 e5 13.fxg6 fxg6 14.Bc4+ Kh8 15.Qd2 Qe7
16.Rad1 Rd8 17.Qf2 Rf8 18.Qh4 Be6 19.Be2 a5 20.Rf2 Rf7 21.Rdf1 Raf8 22.Bd3 Kg8
23.h3 Bh8 24.Rf3 Bg7 25.Na4 d5 26.b3 dxe4 27.Bxe4 Bd5 28.Nc3 Qe6 29.Bxf6 Bxf6
30.Qf2 Bxe4 31.Nxe4 Be7 32.Rxf7 Rxf7 33.Qxf7+ Qxf7 34.Rxf7 Kxf7 35.Kg1 Ke6
36.Kf2 h5 37.g4 hxg4 38.hxg4 Kd5 39.Ke3 Bb4 40.Kd3 Be7 41.Nc3+ Ke6 42.Ne4 Kd5
43.a4 Bb4 44.c3 Be7 45.Nd2 Bf6 46.c4+ Ke6 47.Nf3 Be7 48.Ke4 Bd6 49.c5 Bc7
50.Ne1 Kf6 51.Nd3 Kg5 52.Nxe5 Bxe5 53.Kxe5 Kxg4 54.Kd6 Kf3 55.Kxc6 g5 56.Kb5 g4
57.c6 g3 58.c7 g2 59.c8=Q g1=Q 60.Qf5+ Ke2 61.Qc2+  1-0

[Event "FRA-ch"]
[Site "Angers"]
[Date "1990.??.??"]
[Round "9"]
[White "Birmingham, Eric"]
[Black "Guyot, Philippe"]
[Result "1/2-1/2"]
[WhiteElo "2305"]
[BlackElo "2340"]

1.e4 c5 2.Nf3 e6 3.d4 cxd4 4.Nxd4 a6 5.Bd3 Nf6 6.O-O d6 7.c4 g6 8.Nc3 Bg7
9.Be3 O-O 10.Re1 b6 11.Bf1 Bb7 12.f3 Nbd7 13.Qd2 Qb8 14.Rac1 Rd8 15.Red1 d5
16.exd5 exd5 17.cxd5 Ne5 18.Bg5 Rd7 19.Bxf6 Bxf6 20.Qf4 Bg7 21.Ne4 Rxd5 22.Nf6+ Bxf6
23.Qxf6 Qd8 24.Qxd8+ Raxd8 25.Re1 Rxd4  1/2-1/2

[Event "Athens (Women)"]
[Site "Athens"]
[Date "1990.??.??"]
[Round "?"]
[White "Nikolin, Zorica"]
[Black "Litinskaya, Marta I"]
[Result "1/2-1/2"]
[WhiteElo "2220"]
[BlackElo "2355"]

1.e4 c5 2.Nf3 e6 3.d4 cxd4 4.Nxd4 a6 5.Bd3 g6 6.c4 Bg7 7.Nb3 d6 8.Nc3 Nd7
9.O-O Ngf6 10.Qe2 O-O 11.f4 Qc7 12.Be3 b6 13.a4 Nc5 14.Nxc5 bxc5 15.a5 Bb7
16.f5 Rfe8 17.fxg6 fxg6 18.e5 dxe5 19.Bg5 Rf8 20.Bxf6 Bxf6 21.Be4 Rab8 22.Bxb7 Qxb7
23.Ne4 Be7 24.Rxf8+ Rxf8 25.Rd1 Rf4 26.Re1 Qb4 27.g3 Rf5 28.Rd1 Qxa5 29.Rd7 Rf7
30.Qd1 Qb6 31.b3 Qc6 32.Rxe7 Qxe4 33.Rxf7 Kxf7 34.Qd7+ Kf6 35.Qxh7 Qd4+ 36.Kg2 Qe4+
37.Kf1 Qf5+ 38.Kg2 e4 39.Qh8+ Ke7 40.Qg7+ Kd6 41.Qc3 g5 42.h3 Kc6 43.Qe3 a5
44.Qc3 Kb6 45.Qe3 Qe5 46.Qd2 Ka6 47.Qd8 Qb2+ 48.Kf1 Qc1+ 49.Ke2 Qc2+ 50.Kf1 Qb1+
51.Ke2 Qc2+  1/2-1/2

[Event "Baden-Baden op"]
[Site "Baden-Baden"]
[Date "1990.??.??"]
[Round "6"]
[White "Vatter, Hans Joachim"]
[Black "Klebel, Martin"]
[Result "1-0"]
[WhiteElo "2320"]
[BlackElo "2370"]

1.e4 c5 2.Nf3 e6 3.d4 cxd4 4.Nxd4 a6 5.Bd3 Nf6 6.O-O Qc7 7.Kh1 h5 8.f4 Bc5
9.Nb3 Ba7 10.Nc3 Ng4 11.Qe1 d6 12.Nd1 Nd7 13.Bd2 Ndf6 14.Ba5 Qe7 15.a4 e5
16.f5 Bd7 17.c4 Bc6 18.Bd2 Kf8 19.h3 b6 20.Bg5 Qb7 21.Nc3 Nh6 22.Qe2 Nhg8
23.Bh4 Nd7 24.Nd2 a5 25.b3 Bb8 26.Rad1 Bc7 27.Bc2 Bd8 28.Nf3 Rh6 29.Rd2 Bxh4
30.Nxh4 Nc5 31.Qe3 Qe7 32.g3 Rd8 33.Kg1 Nf6 34.Kf2 Qb7 35.Re2 Ke7 36.Ke1 Kd7
37.Kd1 Kc8 38.Kc1 Rhh8 39.Nf3 Rdg8 40.Nd2 Ne8 41.Ref2 Qe7 42.Ndb1 Rf8 43.Na3 Kb7
44.Nab5 Bxb5 45.cxb5 Qd8 46.Kb2 Nc7 47.Bd3 Ka7 48.Bc4 Qd7 49.Ra1 g6 50.Raf1 Qd8
51.fxg6 fxg6 52.Rf7 Kb8 53.h4 Rxf7 54.Rxf7 Rf8 55.Qg5 Qc8 56.Qxg6 Rg8 57.Qxd6 Nb7
58.Qxc7+  1-0

[Event "Badenweiler op"]
[Site "Badenweiler"]
[Date "1990.??.??"]
[Round "9"]
[White "Pfrommer, Christoph"]
[Black "Eberlein, Wolfgang"]
[Result "1/2-1/2"]
[WhiteElo "2300"]
[BlackElo "2280"]

1.e4 c5 2.Nf3 e6 3.d4 cxd4 4.Nxd4 a6 5.Bd3 Qc7 6.O-O Nf6 7.c4 d6 8.Nc3 Nbd7
9.Kh1 Ne5 10.Qe2 Nxd3 11.Qxd3 Bd7 12.b3 Be7 13.Bb2 O-O 14.f4 Rfc8 15.Rae1 Be8
16.e5 dxe5 17.fxe5 Nd7 18.Qg3 Nf8 19.Nf5 exf5 20.Nd5 Qd8 21.e6 f6 22.Rd1 Bg6
23.Nxf6+ Bxf6 24.Rxd8 Bxd8 25.h4 Nxe6 26.Re1 Rc6 27.h5 Kf7 28.hxg6+ hxg6
29.Rd1 Rc7 30.Rd5 Re7 31.Ba3 Bb6 32.c5 Rh8+ 33.Kg1 Bc7 34.Rd6 Rh5 35.Kf1 Ng5
36.Qd3 Rh1+ 37.Kf2 Ne4+ 38.Kf3 Bxd6 39.cxd6 Rd7 40.Qd5+ Kf8 41.g4 Rf1+ 42.Kg2 Rf2+
43.Kg1 Rxa2 44.Qxb7 Rxb7 45.d7+ Kf7 46.d8=Q Rxa3 47.Qd5+ Kf6 48.Qxb7 Ra2
49.b4 Ng3 50.Qd5 Ne2+ 51.Kf1 Ng3+ 52.Kg1 Ne2+ 53.Kf1 Ng3+  1/2-1/2

[Event "Barcelona Vulca"]
[Site "Barcelona"]
[Date "1990.??.??"]
[Round "1"]
[White "Vehi Bach, Victor Manuel"]
[Black "Cramling, Pia"]
[Result "1/2-1/2"]
[WhiteElo "2415"]
[BlackElo "2470"]

1.e4 c5 2.Nf3 e6 3.d4 cxd4 4.Nxd4 a6 5.Bd3 Nf6 6.O-O d6 7.c4 Be7 8.Nc3 O-O
9.Qe2 Bd7 10.f4 Nc6 11.Nf3 e5 12.f5 Nd4 13.Nxd4 exd4 14.Nd5 Nxd5 15.exd5 Bf6
16.Bf4 Re8 17.Qh5 Be5 18.Bg5 f6 19.Bd2 Re7 20.b4 b6 21.Rf3 Ra7 22.Raf1 b5
23.Rc1 Rc7 24.Rff1 Qc8 25.cxb5 Bxb5 26.Qf3 Qa8 27.Rxc7 Rxc7 28.Rc1 Rxc1+
29.Bxc1 Bxd3 30.Qxd3 Qxd5 31.Qxa6 h6 32.Qc8+ Kh7 33.Qe8 Qxa2 34.Qg6+ Kh8
35.Qe8+ Qg8 36.Qxg8+ Kxg8 37.Kf2 Kf7 38.g3 Ke7 39.Ke2 Kd7 40.Kd3 Kc6 41.Kc4 d5+
42.Kd3 Kb5 43.Bd2 h5  1/2-1/2

[Event "Bayamo"]
[Site "Bayamo"]
[Date "1990.??.??"]
[Round "8"]
[White "Herrera, Irisberto"]
[Black "Zapata, Alonso"]
[Result "0-1"]
[WhiteElo "2410"]
[BlackElo "2480"]

1.e4 c5 2.Nf3 e6 3.d4 cxd4 4.Nxd4 a6 5.Bd3 Nf6 6.c4 Nc6 7.Nf3 Be7 8.O-O d6
9.Nc3 O-O 10.Qe2 b6 11.Rd1 Qc7 12.Be3 Bb7 13.Rac1 Ne5 14.Nxe5 dxe5 15.a3 Bc5
16.Bxc5 bxc5 17.b4 Rfd8 18.Qe3 Rd4 19.f3 Rad8 20.Ne2 R4d6 21.Rb1 Nd7 22.Nc1 Bc6
23.bxc5 Qa7 24.Rb6 Nxc5 25.Rb2 Ba4 26.Rdd2 Rd4 27.Kf1 Qd7 28.Ke1 Qc7 29.Bf1 Qa5
30.Ke2 Rxc4 31.Rxd8+ Qxd8 32.Kf2 Rd4 33.Nd3 Nxd3+ 34.Bxd3 a5 35.g3 h6 36.Be2 Qc7
37.h4 Kh7 38.Kg2 Bd1 39.Bxd1 Rxd1 40.Kf2 Qc4 41.Re2 Rd3 42.Qa7 Qd4+ 43.Qxd4 exd4
44.Ra2 a4 45.e5 Kg6 46.g4 f6 47.h5+ Kg5 48.Re2 f5 49.gxf5 Kxf5 50.Re4 Rxa3
51.Rxd4 Ra1  0-1

[Event "Bayamo"]
[Site "Bayamo"]
[Date "1990.??.??"]
[Round "12"]
[White "Verduga, Denis Homero"]
[Black "Zapata, Alonso"]
[Result "0-1"]
[WhiteElo "2405"]
[BlackElo "2480"]

1.e4 c5 2.Nf3 e6 3.d4 cxd4 4.Nxd4 a6 5.Bd3 Nf6 6.O-O Qc7 7.Qe2 d6 8.Kh1 g6
9.c3 Bg7 10.Bg5 h6 11.Bh4 e5 12.Bxf6 Bxf6 13.Nc2 Be6 14.Ne3 Nd7 15.Nd2 O-O
16.Bc4 Bg5 17.Rad1 Nf6 18.Bb3 Qc6 19.Qf3 Kg7 20.Rfe1 Rad8 21.Kg1 Rfe8 22.Bd5 Bxd5
23.Nxd5 Nxd5 24.exd5 Qa4 25.Ne4 f5 26.Nxg5 hxg5 27.Qg3 g4 28.c4 Rc8 29.b3 Qxa2
30.h3 gxh3 31.gxh3 Qa5  0-1

[Event "Belgorod"]
[Site "Belgorod"]
[Date "1990.??.??"]
[Round "?"]
[White "Laketic, Gojko"]
[Black "Vasiukov, Evgeni"]
[Result "1/2-1/2"]
[WhiteElo "2425"]
[BlackElo "2545"]

1.e4 c5 2.Nf3 e6 3.d4 cxd4 4.Nxd4 a6 5.Bd3 Qb6 6.Nb3 d6 7.O-O Nf6 8.a4 Be7
9.a5 Qc7 10.Nc3 O-O 11.Be3 Nbd7 12.f4 g6 13.Qe2 Nc5 14.Nxc5 dxc5 15.Bc4  1/2-1/2

[Event "Belgorod"]
[Site "Belgorod"]
[Date "1990.??.??"]
[Round "?"]
[White "Panchenko, Alexander N"]
[Black "Vasiukov, Evgeni"]
[Result "1/2-1/2"]
[WhiteElo "2445"]
[BlackElo "2545"]

1.e4 c5 2.Nf3 e6 3.d4 cxd4 4.Nxd4 a6 5.Bd3 Nf6 6.O-O d6 7.c4 Be7 8.Nc3 O-O
9.Be3 Bd7 10.Kh1 Nc6 11.f4  1/2-1/2

[Event "Belgorod"]
[Site "Belgorod"]
[Date "1990.??.??"]
[Round "?"]
[White "Howell, James C"]
[Black "Vasiukov, Evgeni"]
[Result "1/2-1/2"]
[WhiteElo "2450"]
[BlackElo "2545"]

1.e4 c5 2.Nf3 e6 3.d4 cxd4 4.Nxd4 a6 5.Bd3 Qc7 6.O-O Nf6 7.Nc3 Be7 8.Kh1 d6
9.f4 Nbd7 10.Nf3 O-O 11.Qe2 Nc5 12.Be3 b5 13.Bd4 Bb7 14.b4 Nxd3 15.cxd3 Bc6
16.Qb2 Qb7 17.Nd2 a5 18.a3 axb4 19.axb4 Rxa1 20.Rxa1 Ra8 21.Nb3 Rxa1+ 22.Qxa1 h6
23.Qa7 Qxa7 24.Bxa7 d5 25.Nd4 Bb7 26.e5 Nh5 27.g3 Bxb4 28.Ncxb5 Ba6 29.Kg2 g6
30.Kf3 Ng7 31.Ke2  1/2-1/2

[Event "Bern op"]
[Site "Bern"]
[Date "1990.??.??"]
[Round "5"]
[White "Gast, Jonathan"]
[Black "Kovacevic, Slobodan"]
[Result "1-0"]
[WhiteElo "2280"]
[BlackElo "2360"]

1.e4 c5 2.Nf3 e6 3.d4 cxd4 4.Nxd4 a6 5.Bd3 Nf6 6.O-O Qc7 7.Qe2 d6 8.c4 Nbd7
9.Nc3 Be7 10.f4 O-O 11.Kh1 Re8 12.Nf3 g6 13.b3 b5 14.Bb2 b4 15.Na4 Bb7 16.e5 Nh5
17.Nd2 Rad8 18.Be4 Bc8 19.g4 Ng7 20.Bg2 Rf8 21.Rad1 Ne8 22.Qe4 Qa5 23.Qe3 dxe5
24.fxe5 Nc5 25.Nxc5 Bxc5 26.Qh6 Bd4 27.Ne4 Bxe5 28.Ng5  1-0

[Event "Bern zt"]
[Site "Bern"]
[Date "1990.??.??"]
[Round "7"]
[White "Wahls, Matthias"]
[Black "Soffer, Ram"]
[Result "1/2-1/2"]
[WhiteElo "2565"]
[BlackElo "2440"]

1.e4 c5 2.Nf3 e6 3.d4 cxd4 4.Nxd4 a6 5.Bd3 Nf6 6.O-O Qc7 7.Qe2 d6 8.f4 g6
9.f5 gxf5 10.exf5 e5 11.c4 Be7 12.Nf3 b6 13.Nc3 Bb7 14.Bg5 Nbd7 15.Bxf6 Nxf6
16.Ne4 Bxe4 17.Bxe4 Rc8 18.Bd3 Rg8 19.Rae1 a5 20.Kh1 Qc5 21.Nd2 Qd4 22.Nb1 Qg4
23.Qf2 e4 24.h3 Qg3 25.Bxe4 Rxc4 26.Qxg3 Rxg3 27.Bf3 Kf8 28.Nc3 Rc5 29.Na4 Rc2
30.Rc1 Rxc1 31.Rxc1 h5 32.Rc8+ Kg7 33.Rc7 Bd8 34.Rc6 d5 35.h4 Ng4 36.Rd6 Bxh4
37.Rxd5 Ne3 38.Re5 Bg5 39.Nxb6 h4 40.Be4 Bd8 41.Rb5 Bc7 42.Nd7 Ng4  1/2-1/2

[Event "Biel op"]
[Site "Biel"]
[Date "1990.??.??"]
[Round "2"]
[White "Vehi Bach, Victor Manuel"]
[Black "Vyzmanavin, Alexey"]
[Result "1/2-1/2"]
[WhiteElo "2400"]
[BlackElo "2585"]

1.e4 c5 2.Nf3 e6 3.d4 cxd4 4.Nxd4 a6 5.Bd3 Qc7 6.O-O Nf6 7.Qe2 d6 8.c4 g6
9.Nc3 Bg7 10.Nf3 Nbd7 11.h3 O-O 12.Bf4 b6 13.Rfd1 Bb7 14.Bc2 Ne5 15.Nxe5 dxe5
16.Be3 Rfb8 17.a3 Bf8 18.b4 Bc6 19.Bd3 Nh5 20.Qc2 Be8 21.Kh2 Nf6 22.Kg1 Rc8
23.Na4 Nd7 24.Qb3 Qb7 25.Rac1 a5 26.Nc3 axb4 27.axb4 Nb8 28.Bf1 Nc6 29.Nb5 Bxb4
30.Nd6 Bxd6 31.Rxd6 Rab8 32.Qb2 Qc7 33.Rd3 Nd4 34.f4 Nc6 35.Qf2 exf4 36.Bxf4 e5
37.Be3 Nd4 38.Qf6 Qc5 39.Rcd1 Rc6 40.Qf2 Re6 41.Bxd4 exd4 42.Rxd4 Bc6 43.Rd8+ Re8
44.Rxb8 Rxb8 45.Qxc5 bxc5 46.Ra1 Bxe4 47.Ra5 Rc8 48.Kf2 Kg7 49.Ke3 Bf5 50.g4 Be6
51.Kf4 Kf6 52.g5+ Ke7 53.Ke5 Rd8 54.Bg2 Bxc4 55.Rxc5 Be6 56.Rc7+ Kf8 57.Rc3 Rb8
58.Kf4 Rb5 59.Be4 h6 60.h4 Kg7 61.Ra3 Rb4 62.Kf3 h5 63.Re3 Bf5 64.Re1 Be6
65.Re3 Kf8 66.Kg3 Ke7 67.Bf3 Kd6 68.Rd3+  1/2-1/2

[Event "Biel-C"]
[Site "Biel"]
[Date "1990.??.??"]
[Round "5"]
[White "Bex, Pierre Alain"]
[Black "Ilijin, Neboisa"]
[Result "0-1"]
[WhiteElo "2230"]
[BlackElo "2290"]

1.e4 c5 2.Nf3 e6 3.d4 cxd4 4.Nxd4 a6 5.Bd3 Nf6 6.Nc3 Qc7 7.Qe2 d6 8.O-O Be7
9.Kh1 Nbd7 10.f4 O-O 11.Bd2 b5 12.Rae1 Bb7 13.e5 Ne8 14.Qh5 g6 15.Qh6 Ng7
16.Re3 Rfd8 17.Rh3 Nf8 18.f5 exf5 19.Nxf5 Nxf5 20.Bxf5 dxe5 21.Be1 Rd4 22.Ne2 Qc6
23.Rg3 Rh4 24.Qe3 Bf6 25.Qb3 Rd8 26.Bc3 b4 27.Bxb4 Qb5 28.Be1 Qxe2 29.Bd3 Rxd3
30.Qxd3 Re4 31.Bc3 Bh4 32.Rh3 Be7 33.Rg3 Qxd3 34.cxd3 Re2 35.Re1 Rc2 36.Rd1 h5
37.Bxe5 h4 38.Rg4 h3  0-1

[Event "Spring op"]
[Site "Budapest"]
[Date "1990.??.??"]
[Round "3"]
[White "Zimmersmann, Rita"]
[Black "Mijairvic, Z."]
[Result "1-0"]
[WhiteElo "2155"]
[BlackElo "2130"]

1.e4 c5 2.Nf3 e6 3.d4 cxd4 4.Nxd4 a6 5.Bd3 Nf6 6.c4 d6 7.O-O Bd7 8.Be3 Nc6
9.Nc3 Be7 10.f4 Nxd4 11.Bxd4 Bc6 12.Qe2 O-O 13.Rad1 Qc7 14.f5 e5 15.Be3 b5
16.cxb5 axb5 17.Bxb5 Nxe4 18.Nxe4 Bxe4 19.Qg4 Qb7 20.Bh6 Qb6+ 21.Kh1 Bf6
22.Bc4 Qc6 23.Bxg7 Bxg7 24.Bd5 Qd7 25.Qxe4 Qa7 26.b4 Qe7 27.Bb3 Ra7 28.f6 Bxf6
29.Bc2 Rd8 30.Rf3 Bg7 31.Rdf1 f6 32.Qxh7+ Kf8 33.Qg6 Kg8 34.Rxf6 Rdd7 35.Qh7+  1-0

[Event "Budapest"]
[Site "Budapest"]
[Date "1990.??.??"]
[Round "5"]
[White "Kuporosov, Viktor"]
[Black "Avshalumov, Alex"]
[Result "1/2-1/2"]
[WhiteElo "2445"]
[BlackElo "2450"]

1.e4 c5 2.Nf3 e6 3.d4 cxd4 4.Nxd4 a6 5.Bd3 Bc5 6.Nb3 Bb6 7.Qe2 Nc6 8.Be3 Nge7
9.O-O O-O 10.c4 d6 11.Nc3 Bxe3 12.Qxe3 e5 13.Nd5 Nxd5 14.exd5  1/2-1/2

[Event "Spring op"]
[Site "Budapest"]
[Date "1990.??.??"]
[Round "9"]
[White "Malisauskas, Vidmantas"]
[Black "Lamza, Nenad"]
[Result "1-0"]
[WhiteElo "2500"]
[BlackElo "2340"]

1.e4 c5 2.Nf3 e6 3.d4 cxd4 4.Nxd4 a6 5.Bd3 Nf6 6.O-O d6 7.f4 Be7 8.Kh1 O-O
9.Nd2 Re8 10.N2f3 e5 11.Ne2 Nbd7 12.Ng3 Bf8 13.fxe5 dxe5 14.Nh4 g6 15.Qf3 Bg7
16.Bg5 h6 17.Be3 Nf8 18.Bc4 Qc7 19.Bb3 Bg4 20.Qf2 Be6 21.h3 Bxb3 22.axb3 Ne6
23.c3 Re7 24.Nf3 Rd7 25.Rad1 Rxd1 26.Rxd1 Re8 27.b4 Kh7 28.Bb6 Qb8 29.Qf1 Rc8
30.b5 Nc5 31.Bxc5 Rxc5 32.bxa6 bxa6 33.Qxa6 Qxb2 34.Qa7 Rxc3 35.Qxf7 Qf2
36.Rd7 Nxd7 37.Ng5+ hxg5 38.Qxf2 Nf6 39.Kh2 g4 40.h4 Bh6 41.Qa7+ Bg7 42.Qf7 Re3
43.h5 g5 44.Nf5  1-0

[Event "Buenos Aires op"]
[Site "Buenos Aires"]
[Date "1990.??.??"]
[Round "1"]
[White "Zarnicki, Pablo"]
[Black "Trincado, Juan Fernando"]
[Result "1/2-1/2"]
[WhiteElo "2390"]
[BlackElo "2300"]

1.e4 c5 2.Nf3 e6 3.d4 cxd4 4.Nxd4 a6 5.Bd3 Nf6 6.O-O d6 7.c4 Nbd7 8.Nc3 Be7
9.b3 O-O 10.Bb2 Re8 11.f4 Bf8 12.Nf3 Qc7 13.Qe1 e5 14.f5 Nc5 15.Bc2 Bd7 16.Kh1 a5
17.Qh4 Bc6 18.Rae1 Be7 19.Qh3 h6 20.g4 Nh7 21.Bc1 Qd8 22.Qg3 Ng5 23.Nxg5 Bxg5
24.Bxg5 hxg5 25.f6 gxf6 26.Nd5 Bxd5 27.exd5 Kg7 28.Rf5 Rh8 29.Ref1 Rh6 30.a3 Qe7
31.b4 axb4 32.axb4 Na6 33.Qc3 Rah8 34.R1f2 Qd8 35.Qd2 Rh4 36.Bd1 R8h6 37.Kg1 Qb6
38.c5 Qd8 39.Rxf6 Qxf6 40.Rxf6 Kxf6 41.Qf2+ Ke7 42.cxd6+ Rxd6 43.Qe3 f6 44.Bf3 Nxb4
45.Qc5 Nd3 46.Qc7+ Rd7 47.d6+ Ke6 48.Bd5+ Kxd5 49.Qxd7 Nc5 50.Qe7 Rxg4+ 51.Kh1 Rf4
52.d7 Nxd7 53.Qxd7+ Ke4 54.Kg2 b6 55.Kg3 b5 56.Qxb5 Kf5 57.Qe2 Rd4  1/2-1/2

[Event "Buenos Aires op"]
[Site "Buenos Aires"]
[Date "1990.??.??"]
[Round "8"]
[White "Bronstein, Luis"]
[Black "Pucheta, Ruben"]
[Result "0-1"]
[WhiteElo "2390"]
[BlackElo "2275"]

1.e4 c5 2.Nf3 e6 3.d4 cxd4 4.Nxd4 a6 5.Bd3 Nf6 6.O-O d6 7.c4 Bd7 8.Nc3 Nc6
9.Be3 Be7 10.Nxc6 Bxc6 11.b4 d5 12.exd5 exd5 13.b5 axb5 14.cxb5 d4 15.bxc6 bxc6
16.Qf3 dxe3 17.Qxc6+ Kf8 18.Ba6 exf2+ 19.Rxf2 Qe8 20.Qc4 Rxa6 21.Qxa6 Bc5
22.Qc4 Bxf2+ 23.Kxf2 h5 24.h3 Rh6 25.Rb1 Kg8 26.a4 Qd7 27.Rd1 Qf5+ 28.Kg1 Rg6
29.Rd8+ Kh7 30.Qc8 Qxc8 31.Rxc8 Rg5 32.Kf2 Re5 33.Kf3 Nd5 34.Nxd5 Rxd5 35.Rc2 Rd3+
36.Ke4 Ra3 37.Rc4 Ra2 38.g4 Ra3 39.gxh5 Rxh3 40.a5 Rxh5 41.Rc7 f6 42.a6 Ra5
43.a7 f5+ 44.Kf4 Kh6 45.Rc5 g5+ 46.Ke3 Ra3+ 47.Kd4 f4 48.Rc7 Kh5 49.Ke4 Kg4
50.Rg7 Ra4+ 51.Kd3 Kh4 52.Ke2 g4  0-1

[Event "Cannes op2"]
[Site "Cannes"]
[Date "1990.??.??"]
[Round "?"]
[White "Degraeve, Jean Marc"]
[Black "Velikov, Petar"]
[Result "1-0"]
[WhiteElo "2375"]
[BlackElo "2495"]

1.e4 c5 2.Nf3 e6 3.d4 cxd4 4.Nxd4 a6 5.Bd3 Nf6 6.O-O Qc7 7.Qe2 d6 8.f4 Nbd7
9.b3 Be7 10.Bb2 O-O 11.c4 Nc5 12.Bc2 g6 13.e5 Ne8 14.Nc3 b6 15.Rae1 Bb7 16.exd6 Nxd6
17.f5 Bf6 18.Qg4 h5 19.Qd1 Nxf5 20.Bxf5 exf5 21.Nxf5 Rad8 22.Nd5 Rxd5 23.cxd5 Bxb2
24.Re7 Qd8 25.Nh6+ Kh7 26.Rfxf7+ Rxf7 27.Rxf7+ Bg7 28.Nf5 Qxd5 29.Rxg7+ Kh8
30.Qxd5 Bxd5 31.Rxg6 Bc4 32.Rh6+ Kg8 33.Rxh5 Bf1 34.Ne7+ Kf7 35.Nd5 Bxg2
36.Nxb6 Nxb3 37.Rf5+  1-0

[Event "Cannes op"]
[Site "Cannes"]
[Date "1990.??.??"]
[Round "1"]
[White "Fievet, Patrick"]
[Black "Guyot, Philippe"]
[Result "0-1"]
[WhiteElo "2090"]
[BlackElo "2345"]

1.e4 c5 2.Nf3 e6 3.d4 cxd4 4.Nxd4 a6 5.Bd3 Nf6 6.O-O d6 7.c4 g6 8.Bg5 Bg7
9.Nc3 O-O 10.Qe2 Nbd7 11.Rac1 b6 12.Rfd1 Bb7 13.f3 Qb8 14.Be3 Re8 15.Qf2 Ne5
16.Be2 d5 17.cxd5 exd5 18.exd5 b5 19.Nc2 Rd8 20.Bb6 Rd7 21.f4 Neg4 22.Bxg4 Nxg4
23.Qf3 Bxd5 24.Nxd5 Rxd5 25.Qxd5 Qxb6+ 26.Nd4 Rd8 27.Rc6 Bxd4+ 28.Kf1 Ne3+
29.Ke2 Nxd5  0-1

[Event "Cannes op"]
[Site "Cannes"]
[Date "1990.??.??"]
[Round "4"]
[White "Sanchez Almeyra, Jorge"]
[Black "Berend, Fred"]
[Result "1-0"]
[WhiteElo "2380"]
[BlackElo "2240"]

1.e4 c5 2.Nf3 e6 3.d4 cxd4 4.Nxd4 a6 5.Bd3 Qc7 6.O-O Nc6 7.Nxc6 Qxc6 8.Nc3 b5
9.Re1 Bb7 10.a4 b4 11.Nd5 Nf6 12.Bd2 Bc5 13.a5 Nxd5 14.exd5 Qxd5 15.Be4 Bxf2+
16.Kxf2 Qd4+ 17.Kf3 d5 18.Bd3 e5 19.Kg3 e4 20.Bc3 Qc5 21.Bd4 Qd6+ 22.Kf2 O-O
23.Qg4 f6 24.Be2 Rac8 25.c3 bxc3 26.bxc3 Qxh2 27.Qg3 Qxg3+ 28.Kxg3 f5 29.Rab1 f4+
30.Kf2 Rf7 31.Rb6 Rcf8 32.Reb1 Bc8 33.Bxa6 e3+ 34.Kg1 f3 35.Bxc8 f2+ 36.Kf1 e2+
37.Kxe2 f1=Q+ 38.Rxf1 Rxf1 39.Rb7 R1f7 40.Rxf7 Kxf7 41.Bb7  1-0

[Event "Cannes op"]
[Site "Cannes"]
[Date "1990.??.??"]
[Round "7"]
[White "Payen, Arnaud"]
[Black "Schlosser, Michael"]
[Result "1/2-1/2"]
[WhiteElo "2270"]
[BlackElo "2340"]

1.e4 c5 2.Nf3 e6 3.d4 cxd4 4.Nxd4 a6 5.Bd3 Nf6 6.O-O Qc7 7.Qe2 d6 8.c4 g6
9.b3 Bg7 10.Bb2 O-O 11.Nd2 Nbd7 12.Rac1 b6 13.Rfd1 Bb7 14.Bb1 Rac8 15.h3 Qb8
16.N4f3 Rfd8 17.Nf1 Nc5 18.N3d2 Qa8 19.f3 a5 20.Bc3 d5 21.e5 d4 22.exf6 Bxf6
23.Ba1 d3 24.Bxd3 Bxa1 25.Rxa1  1/2-1/2

[Event "JUG-chT Cetinje"]
[Site "Cetinje"]
[Date "1990.??.??"]
[Round "4"]
[White "Nikolin, Zorica"]
[Black "Veroci, Zsuzsa"]
[Result "1/2-1/2"]
[WhiteElo "2220"]
[BlackElo "2315"]

1.e4 c5 2.Nf3 e6 3.d4 cxd4 4.Nxd4 a6 5.Bd3 Nf6 6.O-O Qc7 7.Qe2 d6 8.f4 g6
9.f5 Bg7 10.fxe6 fxe6 11.Kh1 O-O 12.Nc3 Nc6 13.Nxc6 bxc6 14.Bg5 e5 15.Bc4+ Kh8
16.Bxf6 Bxf6  1/2-1/2